| 000 | 00539nam a2200145Ia 4500 | ||
|---|---|---|---|
| 008 | 231129s2005||||xx |||||||||||||| ||spa|| | ||
| 020 | _a978-958-722-044-5 | ||
| 040 | _bspa | ||
| 082 | _a378.86132 C331e | ||
| 100 | _aCarvajal Olaya Patricia | ||
| 245 | 0 | _aEstrategias de diagnóstico y acompañamiento: Una experiencia exitosa para la permanencia estudiantil en la Universidad Tecnológica de Pereira | |
| 260 | _c2005 | ||
| 264 | _aUniversidad Tecnológica de Pereira; Publiprint | ||
| 942 |
_2ddc _cBKS |
||
| 999 |
_c13583 _d13583 |
||